000 00376nam a2200133Ia 4500
008 191206s9999 xx 000 0 und d
020 _a312120311
090 _aDA260.R535
245 0 _aRichard III: a medieval kingship
260 _aSt. Martin's Press
260 _cc1993
300 _a"154 p., [12] p. of plates : ill., maps ; 24 cm."
999 _c16819
_d16819